Dictionnaire Géographique et Statistique. Rédigé sur un plan entièrement nouveau. Par Adrien Guibert. Ouvrage autorisé par l'Université

-д хадгалсан:
Номзүйн дэлгэрэнгүй
Үндсэн зохиолч: Guibert, Adrien (Зохиогч)
Формат: Ном
Хэл сонгох:франц
Хэвлэсэн: París Jules Renouard et Cie.- 1850
Хэвлэл:2a. ed
Нөхцлүүд:
Шошгууд: Шошго нэмэх
Шошго байхгүй, Энэхүү баримтыг шошголох эхний хүн болох!

MARC

LEADER 00000nam a2200000 a 4500
001 UCJ6990
003 CL-VaPUC
008 070124e18500000FR |||||||||||||||||fre|d
082 0 4 |a 911  |b GUI  |2 21 
100 0 |a Guibert, Adrien  |e author  |9 514785 
245 1 0 |a Dictionnaire Géographique et Statistique. Rédigé sur un plan entièrement nouveau. Par Adrien Guibert. Ouvrage autorisé par l'Université 
250 |a 2a. ed 
300 |a xxviii, 1904 p 
942 |c BK 
945 |d 20070124 00:00:00  |a rinostro 
260 |a París  |b Jules Renouard et Cie.-  |c 1850 
500 |a Por la fecha de su impresión, 1850, tiene especial valor para conocer las posesiones coloniales de Francia en el siglo 19.- Ubicado en estante 24 de la sala 1-23 
650 7 |a DICCIONARIO  |2 CL-VaPUC  |9 514786 
650 0 |a Geografía  |9 259346 
650 7 |a ESTADISTICASETIMOLOGIA  |2 CL-VaPUC  |9 514787 
650 7 |a TOPONIMIA  |2 CL-VaPUC  |9 514788 
651 0 |a Francia  |9 255157 
583 |a last modification  |c 20070124 00:00:00  |k Rodrigo Vera 
999 |c 323092  |d 323090 
952 |0 0  |1 0  |4 0  |6 911_000000000000000_GUI_1850  |7 0  |8 X  |9 402351  |a FDOBUD  |b FDOBUD  |d 2019-11-22  |i 1020579  |o 911 GUI 1850  |p 1020579  |r 2019-11-22  |w 2019-11-22  |y BK_X  |k BUD